000
00305nam a2200133Ia 4500
005
20251222144918.0
008
251222s9999||||xx |||||||||||||| ||spa||
082
_a
839.77/S65
100
_a
Sodergran, Edith
245
0
_a
Virgen Moderna:
250
_a
2a.ed.
264
_b
Nido de Cuervos
942
_c
LIB
999
_c
22603
_d
22603